000 00608nam a2200181 i 4500
001 108723
003 ES-MaACL
005 20250820122104.0
007 t|
008 061121s1956 sp r ||||1| spa d
100 0 _aMontoliu, Manuel de,
_d1877-1961
_982679
245 1 0 _aJosé Yxart, el gran crítico del Renacimiento literario catalán /
_cpor Manuel de Montoliu.
260 _aTarragona :
_bDiputación Provincial,
_c1956.
300 _a221 p. :
_b` Retr. biog` ;
_c24 cm.
600 1 7 _aYxart, Josep,
_d1852-1895
_2
_9139230
852 _aES-MaACL
_jC-12536
_bR.40255
999 _c108723
_d108723